Consumer-oriented chemical research at N.R.P.R.A (Record no. 56227)

MARC details
000 -LEADER
fixed length control field 00361nam a2200121Ia 4500
100 ## - MAIN ENTRY--AUTHOR NAME
Personal name Barnard D
245 #0 - TITLE STATEMENT
Title Consumer-oriented chemical research at N.R.P.R.A
260 ## - PUBLICATION, DISTRIBUTION, ETC. (IMPRINT)
Name of publisher Proceedings of the RRIM Planters Conference, Kuala Lumpur, 1973; p469-503
650 ## - SUBJECT ADDED ENTRY--TOPICAL TERM
Topical Term Ageing
650 ## - SUBJECT ADDED ENTRY--TOPICAL TERM
Topical Term Vulcanisation
942 ## - ADDED ENTRY ELEMENTS (KOHA)
Koha item type Journals
Holdings
Withdrawn status Lost status Damaged status Not for loan Home library Current library Shelving location Date acquired Koha item type
      Journals RRII Library RRII Library Rubber general 17/12/2021 Journals